00342nam a2200133Ia 4500008004100000020001800041041001200059100001700071245005400088250000800142260003600150300000800186650001400194221030s9999 xx 000 0 und d a9789390912438 aEnglish aS. R. Myneni 0aHindu Law (Family Law-1) 2nd Ed.cby S. R. Myneni a2nd bAsia Law HouseaHyderabadc2021 a608 aHindu Law